| 000 | 010210000a22003490004500 | ||
|---|---|---|---|
| 003 | LK-CoMWRAF | ||
| 008 | 230817t ||||| |||| 00| 0 eng d | ||
| 020 | _a0521807638 | ||
| 040 |
_aLK-CoMWRAF _dLK-CoMWRAF _eLK-CoMWRAF |
||
| 041 | _aeng | ||
| 082 |
_a410 _bNOD |
||
| 100 | _aNoddings, Nel | ||
| 245 |
_aHappiness and Education _b |
||
| 260 |
_bThe University of Cambridge _aUnited Kingdom _c2003 |
||
| 300 | _ap.308 | ||
| 650 | _aAim of Education | ||
| 650 | _aCharacter and Spirituality | ||
| 650 | _aCommunity, Democracy, and Service | ||
| 650 | _aEducating for Personal Life | ||
| 650 | _aEducating for Public Life | ||
| 650 | _aHappiness as an Aim of Life and Education | ||
| 650 | _aHappiness in Schools and Classrooms | ||
| 650 | _aInterpersonal Growth | ||
| 650 | _aMaking a Home | ||
| 650 | _aMoral Education | ||
| 650 | _aNeeds and wants | ||
| 650 | _aParenting | ||
| 650 | _aPlaces and Nature | ||
| 650 | _aPreparing for work | ||
| 650 | _aSuffering and Unhappiness | ||
| 942 | _cBK | ||
| 999 |
_c2203 _d2203 |
||